Přehled o stavu technologie protlačování oceli za studena v cizině

Bibliographic Details
Main Authors: Hrazdil, F. (Author), Dvořáček, K. (Author)
Format: Book
Language:Czech
PhysicalDescription:19, [2] s., [4] s. príl. 4°
Published: Bratislava Dom techniky 1957
Subjects:

MARC

LEADER 00000nam a2200000 a 4500
001 vtls010595233
003 SK-MaSNL
005 20260301225726.0
008 240315s1957 xo f 000 0 cze
015 |a SNBA1957 
040 |a SNK  |b slo  |c SNK  |e AACR2 
041 0 |a cze 
044 |a xo  |c SK 
080 |a 621.979.059.1  |2 1981 
100 1 |a Hrazdil, F.  |4 aut  |9 619673 
245 1 0 |a Přehled o stavu technologie protlačování oceli za studena v cizině  |c F. Hrazdil, K. Dvoráček 
260 |a Bratislava  |b Dom techniky  |c 1957 
300 |a 19, [2] s., [4] s. príl.  |c 4° 
650 0 7 |a lisovacie technológie  |2 SNKPH  |9 619674 
655 7 |a štúdie  |2 SNKPH  |9 57033 
700 1 |a Dvořáček, K.  |4 aut  |9 619675 
958 |a OND 
999 |c 952005  |d 953935 
952 |a SNK  |b SNK  |y PREZ  |7 0  |p 17A0983470  |o snkSB 33774  |i snkD 750/82  |8 1  |0 0  |1 0  |4 0  |d 2014-05-07  |f 1  |l 0  |r 2025-04-09 00:00:00  |w 2026-02-24